Электродвижущая сила ленточной намотки; Наука. Технологии. Инновации; Ч. 5 : Электротехника, электромеханика и электротехнологии
| Parent link: | Наука. Технологии. Инновации: сборник научных трудов XIV Всероссийской научной конференции молодых ученых, Новосибирск, 30 ноября-04 декабря 2020 г./ Новосибирский государственный технический университет (НГТУ).— , 2020 Ч. 5 : Электротехника, электромеханика и электротехнологии.— 2020.— [С. 94-98] |
|---|---|
| Glavni autor: | |
| Autor kompanije: | |
| Daljnji autori: | |
| Sažetak: | Заглавие с экрана Предложен подход к определению ЭДС ленточной намотки моментного двигателя. Численные исследования проводятся с помощью программного продукта COMSOL Multiphysics. Наведение электродвижущей силы в элементе намотки - пластине моделируется приложением потенциалов и плотности внутреннего тока. The approach to the EMF determination of the tape winding torque motor is proposed. Numerical studies are carried out using the COMSOL Multiphysics software. The induction of the electromotive force in the winding element - the plate is modeled by applying potentials and inward current density. |
| Jezik: | ruski |
| Izdano: |
2020
|
| Teme: | |
| Online pristup: | https://lomonosov-msu.ru/file/event/6339/eid6339_attach_cd4c387ca1d6fec2a504e8b6ad2aed778a208eaf.pdf#page=95 |
| Format: | Elektronički Poglavlje knjige |
| KOHA link: | https://koha.lib.tpu.ru/cgi-bin/koha/opac-detail.pl?biblionumber=663150 |
MARC
| LEADER | 00000naa0a2200000 4500 | ||
|---|---|---|---|
| 001 | 663150 | ||
| 005 | 20250813094839.0 | ||
| 035 | |a (RuTPU)RU\TPU\network\34319 | ||
| 035 | |a RU\TPU\network\34306 | ||
| 090 | |a 663150 | ||
| 100 | |a 20210127d2020 k y0rusy50 ca | ||
| 101 | 0 | |a rus | |
| 102 | |a RU | ||
| 135 | |a drcn ---uucaa | ||
| 181 | 0 | |a i | |
| 182 | 0 | |a b | |
| 200 | 1 | |a Электродвижущая сила ленточной намотки |f Б. Н. Павленко, А. Г. Долгих | |
| 203 | |a Текст |c электронный | ||
| 300 | |a Заглавие с экрана | ||
| 320 | |a [Библиогр.: 2 назв.] | ||
| 330 | |a Предложен подход к определению ЭДС ленточной намотки моментного двигателя. Численные исследования проводятся с помощью программного продукта COMSOL Multiphysics. Наведение электродвижущей силы в элементе намотки - пластине моделируется приложением потенциалов и плотности внутреннего тока. | ||
| 330 | |a The approach to the EMF determination of the tape winding torque motor is proposed. Numerical studies are carried out using the COMSOL Multiphysics software. The induction of the electromotive force in the winding element - the plate is modeled by applying potentials and inward current density. | ||
| 461 | |t Наука. Технологии. Инновации |o сборник научных трудов XIV Всероссийской научной конференции молодых ученых, Новосибирск, 30 ноября-04 декабря 2020 г. |o в 9 ч. |f Новосибирский государственный технический университет (НГТУ) |d 2020 | ||
| 463 | |t Ч. 5 : Электротехника, электромеханика и электротехнологии |v [С. 94-98] |d 2020 | ||
| 610 | 1 | |a электронный ресурс | |
| 610 | 1 | |a труды учёных ТПУ | |
| 700 | 1 | |a Павленко |b Б. Н. |g Борис Николаевич | |
| 701 | 1 | |a Долгих |b А. Г. |c специалист в области приборостроения |c инженер Томского политехнического университета |f 1989- |g Антонина Геннадьевна |3 (RuTPU)RU\TPU\pers\36644 | |
| 712 | 0 | 2 | |a Национальный исследовательский Томский политехнический университет |b Инженерная школа неразрушающего контроля и безопасности |b Центр промышленной томографии |b Научно-производственная лаборатория "Бетатронная томография крупногабаритных объектов" |3 (RuTPU)RU\TPU\col\23717 |
| 801 | 2 | |a RU |b 63413507 |c 20210127 |g RCR | |
| 856 | 4 | |u https://lomonosov-msu.ru/file/event/6339/eid6339_attach_cd4c387ca1d6fec2a504e8b6ad2aed778a208eaf.pdf#page=95 | |
| 942 | |c CF | ||